000 01677nam a2200265 i 4500
003 DO-SdBNP
005 20250129132542.0
007 ta
008 230810e1987 dr ||||| |||| 00| 0 spa d
040 _aDO-SdBNP
_bspa
_cBNPHU
_erda
082 4 _axxx
_bC239d
_222
245 1 0 _aDescubramos el mundo :
_blibro de lectura /
_cBelén Mercedes Capestany
246 1 4 _aDescubramos el mundo :
_bGuía didáctica para el libro de texto de tercer grado - nivel primario, lengua materna.
264 1 _aSanto Domingo :
_bSecretaría de Estado de Educación, Bellas Artes y Cultos,
_c1987.
300 _a26 páginas ;
_c22 cm.
336 _atexto
_brda
_2rdacontent
337 _asin mediación
_bn
_2rdamedia
338 _avolumen
_bnc
_2rdacarrier
500 _aGuía didáctica para el libro de texto de tercer grado.
505 _aPresentación--
_tIntroducción--
_tOrientación generales--
_tRecomendaciones específicas para el desarrollo de las lecciones : El primer día de clases--
_tLa aventura de Pilín--
_tA mis padres--
_tEl día de navidad--
_tEl congreso de los ratones--
_tLa reina de las flores--
_tLos mangos bajitos--
_tLa cigarra y la hormiga--
_tEl tesoro de la tierra--
_tLa vaca estudiosa--
_tCómo viven las abejas--
_tGrito de los animales.
505 _aCosas sobre el elefante--
_tLa maravillas del mar--
_tAsí es el aire--
_tEl hogar--
_tEl grillo y sus amigos--
_tUna excursión por el Suroeste--
_tCaracola y caracol--
_tEl merengue--
_tLa hija de la lluvia--
_tEl Carnaval de mi país--
_tEl perro rojo.
590 _aInventariado 2023 / MF
710 _aRepública Dominicana
_bSecretaría de Estado de Educación, Bellas Artes y Cultos
_957502
942 _2ddc
_cLF2
999 _c54381
_d54381